[Event "Superbet Rapid & Blitz Poland"]
[Site "chess24.com"]
[Date "2023.05.23"]
[Round "7.5"]
[White "Deac, Bogdan-Daniel"]
[Black "Carlsen, Magnus"]
[Result "0-1"]
[WhiteElo "2700"]
[BlackElo "2853"]
[Annotator "someo"]
[PlyCount "94"]
[EventDate "2023.??.??"]
[EventType "blitz"]
[SourceVersionDate "2021.04.03"]
[WhiteTeam "Romania"]
[BlackTeam "Norway"]
[WhiteTeamCountry "ROU"]
[BlackTeamCountry "NOR"]

{[%evp 0,94,19,38,43,18,28,25,68,31,25,19,39,46,46,46,62,43,43,35,57,45,42,62,61,59,43,-2,5,-1,5,-5,5,-16,-15,-11,-20,-17,49,-4,-10,-4,-9,-2,1,-20,-32,-24,-28,-34,-40,-38,-37,-53,-56,-72,-75,-119,-144,-137,-122,-122,-133,-148,-154,-150,-155,-153,-153,-153,-153,-159,-157,-160,-164,-164,-148,-170,-163,-220,-215,-224,-194,-216,-222,-223,-206,-208,-208,-219,-232,-248,-230,-287,-287,-314,-289]} 1. e4 (1. Nf3 d5 2. c4 (2. d4 Nf6 3. Bf4 c5 4. e3 e6 5. Nbd2 Qb6 6. Rb1 cxd4 7. exd4 Bd7 8. Be2 Bb5 9. O-O Bxe2 10. Qxe2 Nc6 11. c3 Be7 12. Ne1 O-O 13. Nd3 a5 14. a4 Qa6 15. Rfe1 Rfe8 16. h3 Nd7 17. Nf1 Nb6 18. Ra1 Nc4 19. b3 Nb6 20. Ng3 Nd7 21. Red1 g6 22. Be3 Bd6 23. f4 Nf6 24. Bf2 Rac8 25. Rac1 Ne7 26. c4 dxc4 27. bxc4 Nf5 28. Nf1 Rxc4 29. Nc5 Rxc5 30. Qxa6 Rxc1 31. Qd3 Rec8 32. g3 R1c3 33. Qb5 h5 34. Qxb7 Nd5 35. Be1 Rc2 36. Bxa5 h4 37. Be1 hxg3 38. Nxg3 Nh4 39. Bf2 Nxf4 40. Ne4 Nf3+ 41. Kh1 Nxh3 42. Rf1 Kg7 43. Nxd6 Nxf2+ 44. Kg2 Ne4+ 45. Kxf3 Nxd6 46. Qb1 R8c3+ 47. Kf4 f6 48. Rg1 Rf2+ 49. Kg4 {0-1 (49) Nakamura,H (2775)-Van Foreest,J (2689) chess24.com 2023}) 2... e6 3. g3 d4 4. Bg2 Nc6 5. O-O Bc5 6. d3 Nf6 7. Bg5 h6 8. Bxf6 Qxf6 9. Nbd2 Qd8 10. Ne1 O-O 11. f4 a5 12. a3 a4 13. Nc2 Bd7 14. Qe1 Na5 (14... Rb8) 15. Qf2 Bc8 16. Kh1 Ra6 17. Ne4 Ba7 18. Nb4 Rb6 19. Nc5 Rd6 20. Ne4 Rd7 21. c5 Nb3 22. c6 Re7 23. Rad1 b5 24. Nd2 Nxd2 25. Rxd2 f5 26. Bf3 Qd6 27. Rb1 e5 28. fxe5 Rxe5 29. b3 axb3 30. Rxb3 Be6 31. Rb1 Bb6 32. Rdb2 g5 33. Nc2 g4 34. Bg2 f4 35. gxf4 Rh5 36. Rxb5 Rxf4 37. Qxf4 Rxb5 38. Rf1 Qxf4 39. Rxf4 Rb1+ 40. Rf1 Rb2 41. Nb4 Rxe2 42. Nd5 Bxd5 43. Bxd5+ Kg7 44. a4 h5 45. Ra1 Ba5 46. Rf1 Bb4 47. h3 g3 48. Bg2 Ra2 49. Rf4 Bd6 50. Rf5 Rxa4 51. Be4 Ra1+ 52. Kg2 Ra2+ 53. Kg1 h4 54. Rg5+ Kf6 55. Rg4 Bb4 56. Rxh4 Bd2 57. Rg4 Be3+ 58. Kf1 Rf2+ 59. Ke1 Rh2 60. Kf1 Rf2+ 61. Ke1 Bf4 62. h4 Ke5 63. h5 Rh2 64. Rg7 Kd6 65. Kf1 Rxh5 66. Rf7 Be5 67. Rd7+ Kc5 68. Rh7 Rg5 69. Kg2 Bd6 70. Rf7 Kb4 71. Rf1 Kc3 72. Rh1 Ra5 73. Rg1 Ra2+ 74. Kf3 Rf2+ 75. Kg4 Kd2 76. Kh3 Ke2 77. Rg2 Ke3 78. Rg1 Rh2+ 79. Kg4 Kf2 80. Ra1 Rh8 81. Ra2+ Ke3 82. Rg2 Re8 83. Bf5 Rg8+ 84. Kh5 Kf4 85. Be4 Rh8+ 86. Kg6 Re8 87. Re2 Rxe4 88. dxe4 d3 89. Re1 d2 90. Rd1 g2 {0-1 (90) Duda,J (2724)-Carlsen,M (2853) chess24.com 2023}) (1. d4 Nf6 2. c4 e6 (2... g6 3. Nc3 d5 4. cxd5 Nxd5 5. e4 Nxc3 6. bxc3 Bg7 7. Bc4 c5 8. Ne2 O-O 9. O-O Nc6 10. Be3 b6 11. Qd2 Bb7 12. h4 Rc8 13. Rac1 Na5 14. Bd3 e5 15. Bg5 f6 16. Bh6 cxd4 17. cxd4 exd4 18. Bxg7 Kxg7 19. h5 Qd6 20. Nf4 Qe5 21. Rfe1 Rxc1 22. Rxc1 Rc8 23. Nd5 Rxc1+ 24. Qxc1 gxh5 25. Nf4 Bc6 26. Be2 Be8 27. g3 Nb7 28. Qa3 Na5 29. Qc1 Nb7 30. Qa3 a5 31. Qb3 b5 32. Qc2 Bf7 33. Qc6 Nc5 34. Qxb5 h4 35. Bc4 hxg3 36. fxg3 Bxc4 37. Qxc4 Nxe4 38. Kg2 Ng5 39. Qc6 Kh6 40. Qc8 Qe4+ 41. Kh2 Nf3+ 42. Kh3 Ng5+ 43. Kh2 Qe7 44. Qg4 Qf7 45. Qe2 Kg7 46. a4 Qd7 47. Nh5+ Kg6 48. Nf4+ Kh6 49. Qb5 Qc7 50. Qf5 Qe7 51. Qxa5 Nf3+ 52. Kg2 Ne5 53. Qd5 Qb4 54. Qd8 Qb7+ 55. Kh2 Ng4+ 56. Kg1 Qb1+ 57. Kg2 Qc2+ 58. Kh3 f5 59. Qf8+ {1-0 (59) Caruana,F (2764)-Firouzja,A (2785) chess24.com 2023}) 3. g3 d5 4. Bg2 Bb4+ 5. Bd2 a5 6. a3 Be7 7. Qc2 O-O 8. Nf3 c6 9. h4 Nbd7 10. Bf4 b6 11. Nbd2 Bb7 12. e4 dxe4 13. Ng5 c5 14. d5 exd5 15. cxd5 Bxd5 16. O-O-O Qc8 17. Ndxe4 Bc6 18. Kb1 Ra7 19. Nxf6+ Nxf6 20. Bxc6 Qxc6 21. Be5 g6 22. h5 Ng4 23. Nxh7 Nxe5 24. Nxf8 Bxf8 25. Rhe1 Nf3 26. Re3 Qf6 27. hxg6 Nd4 28. gxf7+ Rxf7 29. Qe4 Qxf2 30. g4 Qf4 31. Qd3 a4 32. Rh1 Qf6 33. Reh3 Bg7 34. Re3 b5 35. Qh7+ Kf8 36. Rhe1 Ne6 37. Qc2 Re7 38. Qd3 Qxb2# {0-1 (38) Firouzja,A (2785)-Kollars,D (2607) chess24.com 2023}) (1. c4 Nf6 2. Nc3 e5 3. g3 Bb4 4. Bg2 O-O 5. e4 Bxc3 6. bxc3 c6 7. Ne2 d5 8. cxd5 cxd5 9. Ba3 Re8 10. exd5 Nxd5 11. O-O Nc6 12. h3 Bf5 13. d4 exd4 14. Nxd4 Nxc3 15. Nxc6 bxc6 16. Qb3 Nd5 17. Qa4 Qd7 18. Kh2 Re2 19. Bc5 Qe6 20. Qa6 h5 21. a4 h4 22. Ra3 Rc2 23. Qb7 Re8 24. Qxa7 hxg3+ 25. Rxg3 Nf4 26. Re3 Qc8 27. Rfe1 Rxe3 28. Bxe3 Nxg2 29. Kxg2 Bxh3+ 30. Kh2 Rc4 31. Qe7 Rg4 32. Bc5 Qf5 33. Qe8+ Kh7 34. Qxc6 Bg2 35. f3 Qf4+ {0-1 (35) Khotenashvili,B (2478)-Wagner,D (2417) chess24.com 2023}) 1... e6 (1... c5 2. Nf3 d6 3. d4 cxd4 4. Nxd4 Nf6 5. Nc3 a6 6. h3 e5 7. Nde2 h5 8. Nd5 Nxe4 9. Be3 Nd7 10. g3 Nef6 11. Nec3 b5 12. Bg2 Rb8 13. Ba7 Rb7 14. Nxf6+ Nxf6 15. Bc6+ Ke7 16. Be3 Qc7 17. Bxb7 Bxb7 18. Rg1 b4 19. Na4 Nd5 20. Qd3 g6 21. O-O-O Nxe3 22. Qxe3 Bh6 23. f4 h4 24. Rge1 hxg3 25. Qxg3 Qc4 26. Kb1 Bxf4 27. Qf2 g5 28. Qb6 Qc6 29. Qxb4 Rxh3 30. Nb6 Rh6 31. Nd5+ Qxd5 32. Rxd5 Bxd5 33. Qa5 Bf3 34. Qxa6 g4 35. a4 Rh1 36. Rxh1 Bxh1 37. Qa7+ Kf6 38. a5 g3 39. a6 Bf3 40. b4 g2 41. Qf2 Kg5 42. Qg1 e4 43. b5 e3 44. b6 e2 45. b7 Bd2 46. b8=Q e1=Q+ 47. Qxe1 Bxe1 48. Qg8+ Kf4 49. a7 Bd5 50. a8=Q Bxa8 51. Qxf7+ Kg3 52. Qg7+ Kf3 53. Qf7+ Ke3 54. Qa7+ Ke2 55. Qa6+ Kf2 56. Qa7+ Kf1 57. Qa6+ Kf2 58. Qa7+ Ke2 59. Qa6+ Kf2 60. Qa7+ Ke2 {½-½ (60) Tan,Z (2517)-Dzagnidze,N (2513) chess24.com 2023}) 2. d4 d5 {[%cal Ga7a6]} 3. Nc3 Nf6 4. Bg5 h6 5. Bxf6 Qxf6 6. exd5 Bb4 7. Bc4 exd5 8. Bxd5 O-O 9. Nge2 Rd8 10. O-O Bxc3 11. Nxc3 Nc6 12. Bxc6 bxc6 13. Ne4 Qxd4 14. Qxd4 Rxd4 15. Ng3 {[%csl Rc6,Rc7]} Be6 16. Rfd1 c5 17. b3 Rad8 18. Re1 a5 19. h3 c4 20. Rac1 cxb3 21. cxb3 Rd2 22. Ra1 Rb2 23. Nf1 c5 24. Reb1 Rxb1 25. Rxb1 c4 26. bxc4 Bxc4 27. Rc1 Be6 28. f3 Rd3 29. a4 Ra3 30. Ng3 Rxa4 31. Ne4 Rc4 32. Ra1 a4 33. Ra3 Rc1+ 34. Kh2 Rc4 35. Nc3 Bd7 36. Kg3 f5 37. Kf2 f4 38. h4 Kf7 39. g3 fxg3+ 40. Kxg3 Rb4 41. Ra2 Bc6 42. Ne2 Rc4 43. Ra3 Ke6 44. Rd3 Ke5 45. Re3+ Kd6 46. Nf4 Kc5 47. Ne6+ Kb4 0-1

[Event "Superbet Rapid & Blitz Poland"]
[Site "chess24.com"]
[Date "2023.05.24"]
[Round "18.3"]
[White "Duda, Jan-Krzysztof"]
[Black "Carlsen, Magnus"]
[Result "0-1"]
[WhiteElo "2724"]
[BlackElo "2853"]
[Annotator "someo"]
[PlyCount "180"]
[EventDate "2023.??.??"]
[EventType "blitz"]
[SourceVersionDate "2021.04.03"]
[WhiteTeam "Poland"]
[BlackTeam "Norway"]
[WhiteTeamCountry "POL"]
[BlackTeamCountry "NOR"]

{[%evp 0,180,25,27,25,-7,5,-24,-4,-16,-4,-11,5,23,20,12,27,27,5,15,11,12,29,9,
14,-18,17,-14,3,-38,43,-16,10,-6,0,0,0,0,0,-22,-18,-18,-23,-94,0,-16,-21,-21,
-22,-26,-32,-32,-18,-52,-56,-82,-99,-133,-103,-107,-107,-101,-100,-112,-118,
-93,-99,-94,-24,-24,-24,-12,0,-49,-43,-53,-53,-47,-52,-57,-45,-45,0,0,0,0,-9,0,
0,-13,33,-35,-35,-41,0,-47,0,-74,-38,-106,-57,-131,-65,-60,-60,-60,-60,-88,-97,
-78,-26,-27,-22,-22,-22,-22,-22,-18,-18,-22,-18,-18,-18,-22,-18,-18,-18,-18,
-18,-18,-18,-96,-96,-86,-84,-82,-84,-130,-94,-90,-94,-110,-92,-110,-110,-110,
-110,-139,-150,-153,-226,-256,-153,-219,-212,-251,-212,-251,-251,-273,-294,
-288,-208,-227,-232,-251,-315,-296,-532,-564,-570,-576,-577,-577,-580,-680,
-890,-934,-973,-1013,-1013,-1013,-1013]} 1. Nf3 (1. e4 e6 (1... c5 2. Nf3 Nc6 (
2... d6 3. d4 cxd4 4. Nxd4 Nf6 5. Nc3 a6 6. h3 e5 7. Nde2 h5 8. Nd5 Nxe4 9. Be3
Nd7 10. g3 Nef6 11. Nec3 b5 12. Bg2 Rb8 13. Ba7 Rb7 14. Nxf6+ Nxf6 15. Bc6+ Ke7
16. Be3 Qc7 17. Bxb7 Bxb7 18. Rg1 b4 19. Na4 Nd5 20. Qd3 g6 21. O-O-O Nxe3 22.
Qxe3 Bh6 23. f4 h4 24. Rge1 hxg3 25. Qxg3 Qc4 26. Kb1 Bxf4 27. Qf2 g5 28. Qb6
Qc6 29. Qxb4 Rxh3 30. Nb6 Rh6 31. Nd5+ Qxd5 32. Rxd5 Bxd5 33. Qa5 Bf3 34. Qxa6
g4 35. a4 Rh1 36. Rxh1 Bxh1 37. Qa7+ Kf6 38. a5 g3 39. a6 Bf3 40. b4 g2 41. Qf2
Kg5 42. Qg1 e4 43. b5 e3 44. b6 e2 45. b7 Bd2 46. b8=Q e1=Q+ 47. Qxe1 Bxe1 48.
Qg8+ Kf4 49. a7 Bd5 50. a8=Q Bxa8 51. Qxf7+ Kg3 52. Qg7+ Kf3 53. Qf7+ Ke3 54.
Qa7+ Ke2 55. Qa6+ Kf2 56. Qa7+ Kf1 57. Qa6+ Kf2 58. Qa7+ Ke2 59. Qa6+ Kf2 60.
Qa7+ Ke2 {½-½ (60) Tan,Z (2517)-Dzagnidze,N (2513) chess24.com 2023}) 3. Nc3
g6 4. d4 cxd4 5. Nxd4 Bg7 6. Be3 Nf6 7. Nb3 d6 8. f3 O-O 9. Qd2 Be6 10. O-O-O
Ne5 11. Kb1 Rc8 12. h4 h5 13. Be2 a6 14. Bd4 Qc7 15. g4 hxg4 16. f4 Nc6 17.
Bxf6 Bxf6 18. Nd5 Bxd5 19. exd5 Nd4 20. Bxg4 Nxb3 21. axb3 a5 22. h5 a4 23.
hxg6 axb3 24. cxb3 Ra8 25. Qh2 {1-0 (25) Carlsen,M (2853)-Shevchenko,K (2684)
chess24.com 2023}) 2. d4 d5 3. Nc3 Nf6 4. Bg5 h6 5. Bxf6 Qxf6 6. exd5 Bb4 7.
Bc4 exd5 8. Bxd5 O-O 9. Nge2 Rd8 10. O-O Bxc3 11. Nxc3 Nc6 12. Bxc6 bxc6 13.
Ne4 Qxd4 14. Qxd4 Rxd4 15. Ng3 {[%csl Rc6,Rc7]} Be6 16. Rfd1 c5 17. b3 Rad8 18.
Re1 a5 19. h3 c4 20. Rac1 cxb3 21. cxb3 Rd2 22. Ra1 Rb2 23. Nf1 c5 24. Reb1
Rxb1 25. Rxb1 c4 26. bxc4 Bxc4 27. Rc1 Be6 28. f3 Rd3 29. a4 Ra3 30. Ng3 Rxa4
31. Ne4 Rc4 32. Ra1 a4 33. Ra3 Rc1+ 34. Kh2 Rc4 35. Nc3 Bd7 36. Kg3 f5 37. Kf2
f4 38. h4 Kf7 39. g3 fxg3+ 40. Kxg3 Rb4 41. Ra2 Bc6 42. Ne2 Rc4 43. Ra3 Ke6 44.
Rd3 Ke5 45. Re3+ Kd6 46. Nf4 Kc5 47. Ne6+ Kb4 {0-1 (47) Deac,B (2700)-Carlsen,
M (2853) chess24.com 2023 [someo]}) (1. d4 Nf6 2. c4 g6 3. Nc3 d5 4. cxd5 Nxd5
5. e4 Nxc3 6. bxc3 Bg7 7. Bc4 c5 8. Ne2 O-O 9. O-O Nc6 10. Be3 b6 11. Qd2 Bb7
12. h4 Rc8 13. Rac1 Na5 14. Bd3 e5 15. Bg5 f6 16. Bh6 cxd4 17. cxd4 exd4 18.
Bxg7 Kxg7 19. h5 Qd6 20. Nf4 Qe5 21. Rfe1 Rxc1 22. Rxc1 Rc8 23. Nd5 Rxc1+ 24.
Qxc1 gxh5 25. Nf4 Bc6 26. Be2 Be8 27. g3 Nb7 28. Qa3 Na5 29. Qc1 Nb7 30. Qa3 a5
31. Qb3 b5 32. Qc2 Bf7 33. Qc6 Nc5 34. Qxb5 h4 35. Bc4 hxg3 36. fxg3 Bxc4 37.
Qxc4 Nxe4 38. Kg2 Ng5 39. Qc6 Kh6 40. Qc8 Qe4+ 41. Kh2 Nf3+ 42. Kh3 Ng5+ 43.
Kh2 Qe7 44. Qg4 Qf7 45. Qe2 Kg7 46. a4 Qd7 47. Nh5+ Kg6 48. Nf4+ Kh6 49. Qb5
Qc7 50. Qf5 Qe7 51. Qxa5 Nf3+ 52. Kg2 Ne5 53. Qd5 Qb4 54. Qd8 Qb7+ 55. Kh2 Ng4+
56. Kg1 Qb1+ 57. Kg2 Qc2+ 58. Kh3 f5 59. Qf8+ {1-0 (59) Caruana,F (2764)
-Firouzja,A (2785) chess24.com 2023}) 1... d5 (1... c5 2. c4 Nc6 3. Nc3 e5 4.
g3 g6 5. Bg2 Bg7 6. d3 d6 7. O-O Nge7 8. a3 a5 9. Rb1 O-O 10. Bg5 Be6 11. Bxe7
Qxe7 12. Nd2 f5 13. Nd5 Qf7 14. b4 axb4 15. axb4 cxb4 16. Nxb4 Rfc8 17. Nd5 Ra7
18. e3 h5 19. Nf3 Bh6 20. h4 Kg7 21. Rb5 Ne7 22. Qb3 Bxd5 23. cxd5 Rc7 24. Nd2
Nc8 25. Nc4 Kh7 26. Bh3 Qf6 27. e4 Ne7 28. Qb4 Nc8 29. Ra5 Rxa5 30. Qxa5 Rf7
31. Qa8 Ne7 32. Qb8 b5 33. Nxd6 Rf8 34. Qc7 Bg7 35. Nxb5 f4 36. Qd6 fxg3 37.
Qxf6 Rxf6 38. fxg3 Rb6 39. d6 Nc6 40. Nc7 Rb3 41. Ne6 Bh6 42. Rf7+ Kg8 43. Rc7
Be3+ 44. Kf1 Nb4 45. d7 {1-0 (45) Carlsen,M (2853)-Vachier-Lagrave,M  (2742)
chess24.com 2023}) 2. c4 (2. d4 Nf6 3. Bf4 c5 4. e3 e6 5. Nbd2 Qb6 6. Rb1 cxd4
7. exd4 Bd7 8. Be2 Bb5 9. O-O Bxe2 10. Qxe2 Nc6 11. c3 Be7 12. Ne1 O-O 13. Nd3
a5 14. a4 Qa6 15. Rfe1 Rfe8 16. h3 Nd7 17. Nf1 Nb6 18. Ra1 Nc4 19. b3 Nb6 20.
Ng3 Nd7 21. Red1 g6 22. Be3 Bd6 23. f4 Nf6 24. Bf2 Rac8 25. Rac1 Ne7 26. c4
dxc4 27. bxc4 Nf5 28. Nf1 Rxc4 29. Nc5 Rxc5 30. Qxa6 Rxc1 31. Qd3 Rec8 32. g3
R1c3 33. Qb5 h5 34. Qxb7 Nd5 35. Be1 Rc2 36. Bxa5 h4 37. Be1 hxg3 38. Nxg3 Nh4
39. Bf2 Nxf4 40. Ne4 Nf3+ 41. Kh1 Nxh3 42. Rf1 Kg7 43. Nxd6 Nxf2+ 44. Kg2 Ne4+
45. Kxf3 Nxd6 46. Qb1 R8c3+ 47. Kf4 f6 48. Rg1 Rf2+ 49. Kg4 {0-1 (49) Nakamura,
H (2775)-Van Foreest,J (2689) chess24.com 2023}) 2... e6 3. g3 d4 4. Bg2 Nc6 5.
O-O Bc5 6. d3 Nf6 7. Bg5 h6 8. Bxf6 Qxf6 9. Nbd2 Qd8 10. Ne1 O-O 11. f4 a5 12.
a3 a4 13. Nc2 Bd7 14. Qe1 Na5 15. Qf2 Bc8 16. Kh1 Ra6 17. Ne4 Ba7 18. Nb4 Rb6
19. Nc5 Rd6 20. Ne4 Rd7 21. c5 Nb3 22. c6 Re7 23. Rad1 b5 24. Nd2 Nxd2 25. Rxd2
f5 26. Bf3 Qd6 27. Rb1 e5 28. fxe5 Rxe5 29. b3 axb3 30. Rxb3 Be6 31. Rb1 Bb6
32. Rdb2 g5 33. Nc2 g4 34. Bg2 f4 35. gxf4 Rh5 36. Rxb5 Rxf4 37. Qxf4 Rxb5 38.
Rf1 Qxf4 39. Rxf4 Rb1+ 40. Rf1 Rb2 41. Nb4 Rxe2 42. Nd5 Bxd5 43. Bxd5+ Kg7 44.
a4 h5 45. Ra1 Ba5 46. Rf1 Bb4 47. h3 g3 48. Bg2 Ra2 49. Rf4 Bd6 50. Rf5 Rxa4
51. Be4 Ra1+ 52. Kg2 Ra2+ 53. Kg1 h4 54. Rg5+ Kf6 55. Rg4 Bb4 56. Rxh4 Bd2 57.
Rg4 Be3+ 58. Kf1 Rf2+ 59. Ke1 Rh2 60. Kf1 Rf2+ 61. Ke1 Bf4 62. h4 Ke5 63. h5
Rh2 64. Rg7 Kd6 65. Kf1 Rxh5 66. Rf7 Be5 67. Rd7+ Kc5 68. Rh7 Rg5 69. Kg2 Bd6
70. Rf7 Kb4 71. Rf1 Kc3 72. Rh1 Ra5 73. Rg1 Ra2+ 74. Kf3 Rf2+ 75. Kg4 Kd2 76.
Kh3 Ke2 77. Rg2 Ke3 78. Rg1 Rh2+ 79. Kg4 Kf2 80. Ra1 Rh8 81. Ra2+ Ke3 82. Rg2
Re8 83. Bf5 Rg8+ 84. Kh5 Kf4 85. Be4 Rh8+ 86. Kg6 Re8 87. Re2 Rxe4 88. dxe4 d3
89. Re1 d2 90. Rd1 g2 {0-1 (90) Duda,J (2724)-Carlsen,M (2853) chess24.com 2023
} 0-1

[Event "Nicosia FIDE Women's Grand Prix"]
[Site "chess24.com"]
[Date "2023.05.27"]
[Round "11"]
[White "Tan, Zhongyi"]
[Black "Dzagnidze, Nana"]
[Result "1/2-1/2"]
[Board "4"]
[WhiteElo "2517"]
[WhiteTitle "GM"]
[WhiteCountry "CHN"]
[WhiteFideId "8603642"]
[BlackElo "2513"]
[BlackTitle "GM"]
[BlackCountry "GEO"]
[BlackFideId "13601903"]

1. e4 {[%clk 1:30:56]} c5 {[%clk 1:30:31]} 2. Nf3 {[%clk 1:31:20]} d6 {[%clk
1:30:55]} 3. d4 {[%clk 1:31:45]} cxd4 {[%clk 1:31:20]} 4. Nxd4 {[%clk 1:32:10]}
Nf6 {[%clk 1:31:47]} 5. Nc3 {[%clk 1:32:32]} a6 {[%clk 1:32:13]} 6. h3 {[%clk
1:32:55]} e5 {[%clk 1:27:08]} 7. Nde2 {[%clk 1:33:05]} h5 {[%clk 1:26:06]} 8. Nd5
{[%clk 1:33:26]} Nxe4 {[%clk 1:19:22]} 9. Be3 {[%clk 1:33:39]} Nd7 {[%clk
1:19:27]} 10. g3 {[%clk 1:33:49]} Nef6 {[%clk 1:12:19]} 11. Nec3 {[%clk 1:33:14]}
b5 {[%clk 1:06:21]} 12. Bg2 {[%clk 1:31:52]} Rb8 {[%clk 1:02:48]} 13. Ba7 {[%clk
1:19:14]} Rb7 {[%clk 1:00:49]} 14. Nxf6+ {[%clk 1:17:34]} Nxf6 {[%clk 1:00:54]}
15. Bc6+ {[%clk 1:17:55]} Ke7 {[%clk 1:00:29]} 16. Be3 {[%clk 1:14:51]} Qc7
{[%clk 0:57:03]} 17. Bxb7 {[%clk 1:08:11]} Bxb7 {[%clk 0:50:39]} 18. Rg1 {[%clk
1:04:41]} b4 {[%clk 0:38:56]} 19. Na4 {[%clk 1:00:48]} Nd5 {[%clk 0:38:03]} 20.
Qd3 {[%clk 1:00:05]} g6 {[%clk 0:33:33]} 21. O-O-O {[%clk 0:48:51]} Nxe3 {[%clk
0:32:36]} 22. Qxe3 {[%clk 0:47:09]} Bh6 {[%clk 0:32:40]} 23. f4 {[%clk 0:47:34]}
h4 {[%clk 0:31:42]} 24. Rge1 {[%clk 0:35:47]} hxg3 {[%clk 0:23:32]} 25. Qxg3
{[%clk 0:35:50]} Qc4 {[%clk 0:19:36]} 26. Kb1 {[%clk 0:33:45]} Bxf4 {[%clk
0:19:58]} 27. Qf2 {[%clk 0:33:35]} g5 {[%clk 0:13:07]} 28. Qb6 {[%clk 0:30:48]}
Qc6 {[%clk 0:13:23]} 29. Qxb4 {[%clk 0:31:10]} Rxh3 {[%clk 0:12:48]} 30. Nb6
{[%clk 0:28:34]} Rh6 {[%clk 0:07:06]} 31. Nd5+ {[%clk 0:26:44]} Qxd5 {[%clk
0:06:35]} 32. Rxd5 {[%clk 0:27:01]} Bxd5 {[%clk 0:07:03]} 33. Qa5 {[%clk
0:26:55]} Bf3 {[%clk 0:07:22]} 34. Qxa6 {[%clk 0:25:10]} g4 {[%clk 0:07:43]} 35.
a4 {[%clk 0:18:49]} Rh1 {[%clk 0:02:35]} 36. Rxh1 {[%clk 0:18:42]} Bxh1 {[%clk
0:03:04]} 37. Qa7+ {[%clk 0:14:43]} Kf6 {[%clk 0:02:35]} 38. a5 {[%clk 0:11:52]}
g3 {[%clk 0:02:41]} 39. a6 {[%clk 0:11:15]} Bf3 {[%clk 0:01:28]} 40. b4 {[%clk
0:10:23]} g2 {[%clk 0:01:14]} 41. Qf2 {[%clk 0:01:04]} Kg5 {[%clk 0:20:03]} 42.
Qg1 {[%clk 0:26:01]} e4 {[%clk 0:14:33]} 43. b5 {[%clk 0:24:55]} e3 {[%clk
0:15:01]} 44. b6 {[%clk 0:25:13]} e2 {[%clk 0:15:20]} 45. b7 {[%clk 0:25:07]} Bd2
{[%clk 0:11:12]} 46. b8=Q {[%clk 0:24:46]} e1=Q+ {[%clk 0:11:38]} 47. Qxe1 {[%clk
0:25:11]} Bxe1 {[%clk 0:12:02]} 48. Qg8+ {[%clk 0:21:01]} Kf4 {[%clk 0:04:20]}
49. a7 {[%clk 0:18:33]} Bd5 {[%clk 0:04:16]} 50. a8=Q {[%clk 0:12:02]} Bxa8
{[%clk 0:04:43]} 51. Qxf7+ {[%clk 0:12:29]} Kg3 {[%clk 0:02:01]} 52. Qg7+ {[%clk
0:11:53]} Kf3 {[%clk 0:02:16]} 53. Qf7+ {[%clk 0:10:35]} Ke3 {[%clk 0:01:54]} 54.
Qa7+ {[%clk 0:10:41]} Ke2 {[%clk 0:01:56]} 55. Qa6+ {[%clk 0:10:35]} Kf2 {[%clk
0:01:22]} 56. Qa7+ {[%clk 0:10:52]} Kf1 {[%clk 0:01:05]} 57. Qa6+ {[%clk
0:11:11]} Kf2 {[%clk 0:01:32]} 58. Qa7+ {[%clk 0:11:37]} Ke2 {[%clk 0:00:42]} 59.
Qa6+ {[%clk 0:12:03]} Kf2 {[%clk 0:00:54]} 60. Qa7+ {[%clk 0:12:28]} Ke2 {[%clk
0:01:01]} 1/2-1/2